000 00488 a2200169 4500
001 189052
020 _a85-7302-492-5
040 _cMagnum
100 _aBloom, Harold
240 1 0 _aContos e poemas para crianças extremamente inteligentes de todas as idades
_lpor
245 1 0 _aContos e poemas para crianças extremamente inteligentes de todas as idades
300 _a140
362 0 _a2003
440 1 _aObjetiva
697 _aLITERATURA INFANTO-JUVENIL ESTRANGEIRA
942 _cBK
999 _c189052
_d189052